000 00581nam a22001937a 4500
005 20251108165905.0
008 250721s9999 xx 000 0 ara d
082 1 4 _aق/دوم
100 1 _aدوماس، إسكندر
245 1 0 _aالكونت دي مونت كريستو /
264 1 _aبيروت :
_bدار الشرق العربي،
_c[19-].
300 _a229ص
490 0 _aروائع القصص العالمية
650 1 7 _aالأدب المترجم
650 1 7 _aالروايات
700 1 _aفريد، فؤاد
_eترجمة
942 _2ddc
_cBK
999 _c34034
_d34034